Alewife - Clairo (Lyrics) - Statistics

General Stats
  • This quiz has been taken 6 times
  • The average score is 91 of 117
Answer Stats
Answer % Correct
alewife
100%
all
100%
but
100%
by
100%
could've
100%
didn't
100%
doin'
100%
done
100%
from
100%
got
100%
had
100%
i
100%
if
100%
it
100%
just
100%
know
100%
me
100%
mean
100%
met
100%
mind
100%
my
100%
myself
100%
night
100%
on
100%
one
100%
parents
100%
saved
100%
scare
100%
so
100%
something
100%
surprise
100%
that
100%
the
100%
there
100%
they
100%
thoughts
100%
to
100%
two
100%
up
100%
were
100%
weren't
100%
what
100%
when
100%
why
100%
you
100%
along
50%
and
50%
called
50%
door
50%
eighth
50%
floor
50%
for
50%
four
50%
grade
50%
hanging
50%
hit
50%
in
50%
it's
50%
i've
50%
lay
50%
life
50%
line
50%
massachusetts
50%
minutes
50%
never
50%
only
50%
out
50%
room
50%
seven
50%
showed
50%
swear
50%
thirty
50%
this
50%
three
50%
time
50%
times
50%
was
50%
wonderin'
50%
alright
0%
be
0%
been
0%
i'll
0%
long
0%
sister
0%
tight
0%
you've
0%
No matching quizzes found
Score Distribution
Percent of People with Each Score
Percentile by Number Answered
Your Score History
You have not taken this quiz